Лист (Запис номер 377638)
[ съкратено ]
| 000 -Лидер | |
|---|---|
| Контролно поле с фиксирана дължина | 01079nam a2200301 a 4500 |
| 003 - Код на организацията, давaща контролен номер | |
| Контролно поле | BLK |
| 005 - Дата и час на последна редакция | |
| Контролно поле | 20241005005425.0 |
| 008 - Елементи от данни с фиксирана дължина | |
| fixed length control field | 200311b bul|||||r ||||||| ||bul|| |
| 040 ## - Източник на каталожния запис | |
| Идентификатор на билиотеката - собственик на записа | BLK |
| 041 ## - Код за език | |
| Код за езика на текст/звукозапис или на отделно заглавие | Български |
| Код за езика КДБФ | Български |
| 080 ## - УДК | |
| Текстов определител УДК | Музика |
| УДК код - определител по УДК | 78 |
| УДК - код + определител | 78 |
| 100 1# - Редна дума - Автор | |
| Автор | Милщейн, Яков Исакович |
| Авторска отговорност | Първи автор |
| R(LIN) | 96076 |
| 139 ## - Редно поле | |
| Редна дума | Милщейн, Я. |
| 245 10 - Сведения за заглавието | |
| Заглавие | Лист |
| Подзаглавни данни | [Живот и творчество] |
| Редно поле (дума) | Я. Милщейн; Прев. от рус. Константин Ганев. |
| 257 ## - Страна на издаване | |
| Страна на създаване/издаване | България |
| 260 ## - Област на издателските данни | |
| Място на издаване, разпространение и проч. | София |
| Име на издателя, разпространителя и проч. | Наука и изкуство |
| Година на издаване | 1959 |
| 9 (RLIN) | 209548 |
| Издателство - префикс ISBN | 978-954-02- |
| 300 ## - Физическа характеристика | |
| Страници | 120 с., 1 л. |
| Илюстрации и др. | портр. |
| Размери/Мащаб | 18 см |
| 380 ## - Жанр | |
| Жанр | Изкуство |
| 490 ## - СЕРИИ (Колекции) | |
| Име на серия | В помощ на слушателя |
| №: серия | 29 |
| 9 (RLIN) | 201605 |
| 500 ## - Общи забележки | |
| Забележка | 1 081 тир. 1,95 лв. |
| 600 #0 - Име на лице, използвано като предмет | |
| За него / За нея | Лист, Ференц |
| Свързани дати | 1811 - 1886 |
| 9 (RLIN) | 376440 |
| 700 ## - Други автори (авторска отговорност) | |
| Лично име | Ганев, Константин |
| Автороска отговорност (Описва отношението между автора и произведението) | прев. от рус. |
| 9 (RLIN) | 316771 |
| 852 ## - Местоположение | |
| Форматна сигнатура | Цб І 3229 |
| 856 4# - Електронен адрес и достъп | |
| Електронен формат | pdf - файл |
| Път до файла /url/ | |
| 856 4# - Електронен адрес и достъп | |
| Електронен формат | pdf - файл |
| Път до файла /url/ | |
| 999 ## - СИСТЕМНИ КОНТРОЛНИ НОМЕРА | |
| Koha biblionumber | 377638 |
| Koha biblioitemnumber | 377638 |
| 942 ## - АРТИКУЛИ | |
| Вид на библиотечния материал | Книги |
| Скрит в OPAC | Не |
| Периодичен библиозапис | Да |
| 944 ## - СЪЗДАВАНЕ И РЕДАКЦИЯ на ЗАПИСА | |
| Създаване/Редакция | Създаване |
| Дата на регистрацията/редакция | 2020-07-29 |
| Служител, извършил регистрацията/редакцията | |
| Статус, дата на статуса | CRON CRON |
| Код за отписване | Код за изгубен артикул | Източник на класификационната схема | Код за повреда | Коз за рестрикции | Код за отдаване | Артикулен № | Име на библиотеката - собственик | Име на библиотеката, в която се намира в момента | Статус (Текущо местоположение) | Дата на вписване в системата | Местоположение - отдел | Цена в лева | Инвентарен номер | Систематично азбучна сигнатура | Баркод | Цена в евро | Служебен тип на артикула |
|---|---|---|---|---|---|---|---|---|---|---|---|---|---|---|---|---|---|
| Не е изгубен | Universal Decimal Classification | Не е повреден | без рестрикции | ползва се в читалня | 787001 | Регионална библиотека "Любен Каравелов" Русе | Регионална библиотека "Любен Каравелов" Русе | Хранилище | 2020-07-30 | Хранилище | 0.20 | 11316/59 | Цб І 3229 | 900000026024 | 0.10 | Книги |